| 000 | 00667nam a22002537a 4500 | ||
|---|---|---|---|
| 003 | UA-OsUOA | ||
| 001 | 26190 | ||
| 007 | ta | ||
| 008 | 20040518b un ||||| |||| 00| 0 ukr d | ||
| 100 | _aКрамор В.С. | ||
| 090 |
_a512 _bК78 |
||
| 942 | _cBK | ||
| 040 |
_aUA-OsUOA _brus _cUA-OsUOA _dUA-OsUOA |
||
| 245 | _aПовторяем и систематизируем школьный курс алгебры и начал анализа | ||
| 300 | _a416 с. | ||
| 955 | _a0 | ||
| 041 | _arus | ||
| 080 | _a512 | ||
| 020 | _a5-09-001295-4 | ||
| 260 |
_aМосква _bПросвещение _c1990 |
||
| 044 | _aRU | ||
| 650 | 7 | _2UDC | |
| 999 |
_c312505 _d312505 |
||